| 000 | 00571nam a2200205 a 4500 | ||
|---|---|---|---|
| 001 | 0001-1534 | ||
| 003 | ELIB.Books | ||
| 008 | 170523 2010 eng | ||
| 020 | _a0825428785 | ||
| 092 |
_a231.7 Hou _bH. |
||
| 100 | _aHouse, H.Wayne. | ||
| 245 |
_aIsrael the Land and the People _bAn Evangelical Affirmation of God's Promise |
||
| 260 |
_aGrand Rapids _bKregel _c1998 |
||
| 300 |
_a348 _c22.7 cm |
||
| 650 | _aIsrael (Christian Theology) | ||
| 942 |
_2ddc _cBK |
||
| 990 | _a1 | ||
| 998 |
_aEnglishbooks.elf _ccat _e2017-05-23 |
||
| 999 |
_c11534 _d11534 |
||